Hospodárske cykly v slovenskej ekonomike

Analýza hospodárskych cykov v slovenskej ekonomike. Otvorenosť a procesy rozvíjania sa ekonomiky spôsobujú podobnosť s hospodárskymi cyklami vyspelých ekonomík. Pozorované obdobie tvorí interval od Q4 1998 až Q4 2008. Výsledky práce môžu nájsť uplatnenie v dynamických modeloch všeobecnej rovnováhy.

Guardado en:
Detalles Bibliográficos
Autor principal: Szomolányi, Karol, 1976-
Formato: Capítulo de libro
Lenguaje:eslovaco
Materias:
Etiquetas: Agregar Etiqueta
Sin Etiquetas, Sea el primero en etiquetar este registro!

MARC

LEADER 00000nla a2200000 4500
001 0180804
005 20240502073106.6
041 0 |a slo 
044 |a SK 
245 1 0 |a Hospodárske cykly v slovenskej ekonomike  |c Karol Szomolányi 
520 |a Analýza hospodárskych cykov v slovenskej ekonomike. Otvorenosť a procesy rozvíjania sa ekonomiky spôsobujú podobnosť s hospodárskymi cyklami vyspelých ekonomík. Pozorované obdobie tvorí interval od Q4 1998 až Q4 2008. Výsledky práce môžu nájsť uplatnenie v dynamických modeloch všeobecnej rovnováhy. 
610 2 0 |a cykly hospodárske 
610 2 0 |a Slovensko 
610 2 0 |a volatilita 
610 2 0 |a model vypočítateľnej všeobecnej rovnováhy 
100 1 |a Szomolányi, Karol, 1976-